South India : Yesterday , today and tomorrow (Record no. 1450990)
[ view plain ]
| 000 -LEADER | |
|---|---|
| fixed length control field | 00514nam a2200181Ia 4500 |
| 005 - DATE AND TIME OF LATEST TRANSACTION | |
| control field | 20250923145415.0 |
| 008 - FIXED-LENGTH DATA ELEMENTS--GENERAL INFORMATION | |
| fixed length control field | 008 250917s9999 xx 000 0 eng d |
| 037 ## - SOURCE OF ACQUISITION | |
| Stock number | Textual |
| 040 ## - CATALOGING SOURCE | |
| Original cataloging agency | DSWL |
| Language of cataloging | eng |
| Transcribing agency | DSWL |
| 041 ## - LANGUAGE CODE | |
| Language code of text/sound track or separate title | eng |
| Source of code | eng |
| 084 ## - COLON CLASSIFICATION NUMBER | |
| Classification number | X |
| Assigning agency | DSWL |
| 100 ## - MAIN ENTRY--PERSONAL NAME | |
| Personal name | Epstein, T.S. |
| 9 (RLIN) | 834990 |
| 245 #0 - TITLE STATEMENT | |
| Title | South India : Yesterday , today and tomorrow |
| Statement of responsibility, etc. | by T.S. Epstein |
| 260 ## - PUBLICATION, DISTRIBUTION, ETC. | |
| Place of publication, distribution, etc. | London |
| Name of publisher, distributor, etc. | The Macmillan Press |
| Date of publication, distribution, etc. | 1973 |
| 300 ## - PHYSICAL DESCRIPTION | |
| Extent | xviii,273 p. |
| 942 ## - ADDED ENTRY ELEMENTS (KOHA) | |
| Koha item type | Textual |
| Classification part | X |
| Withdrawn status | Lost status | Damaged status | Not for loan | Home library | Current library | Date acquired | Source of acquisition | Inventory number | Total Checkouts | Full call number | Barcode | Date last seen | Price effective from | Koha item type |
|---|---|---|---|---|---|---|---|---|---|---|---|---|---|---|
| Department of Social Work Library | Department of Social Work Library | 2025-09-23 | International Book Dist | 2860 | X | SW0018366 | 2025-09-23 | 2025-09-23 | Textual |
